50 Personnalités francophones #5 - Statistiques

Statistiques générales
  • Ce quiz a été pris 183 fois
  • Le résultat moyen est 21 sur 50
Statistiques - réponses
Par images Réponse % Correct
Stromae
99%
Bigflo
94%
Oli
89%
Tony Parker
86%
Grand Corps Malade
82%
Audrey Lamy
79%
Claire Chazal
77%
Guillaume Canet
74%
Nelson Monfort
73%
Amixem
69%
Marina Foïs
67%
Joyca
65%
Benjamin Biolay
63%
Yann Barthès
61%
André Manoukian
56%
Paul de Saint Sernin
56%
Maghla
55%
Sophie Davant
54%
Gisèle Pélicot
52%
Jain
49%
Marlène Schiappa
47%
Bruno Retailleau
46%
Bernard Arnault
44%
Caroline Receveur
35%
Claire Keim
33%
Mélanie Laurent
33%
Najat Vallaud-Belkacem
33%
Olivier Véran
31%
Pio Marmaï
31%
Antoine de Maximy
26%
Frédéric Lopez
26%
Julia Vignali
23%
Linda Hardy
23%
Reda Kateb
20%
Antoine Duléry
19%
Corinne Masiero
19%
Valérie Trierweiler
19%
Denis Villeneuve
18%
Raphaël Mezrahi
18%
Laura Flessel
15%
Olivier Nakache
14%
Brigitte Fontaine
13%
Eric Toledano
12%
Guy Lecluyse
12%
Cindy Fabre
10%
Elsa Lunghini
10%
Lannick Gautry
10%
Marc Lévy
8%
Maxime Chattam
8%
Gregory Gadebois
4%
Aucun quiz correspondant
Distribution des résultats
% des personnes avec chaque résultat
Percentile par nombre de réponses
Votre historique - résultats
Vous n’avez pas pris ce quiz